| 000 | 00361nam a2200133Ia 4500 | ||
|---|---|---|---|
| 008 | 150202s9999 xx 000 0 und d | ||
| 020 | _a586038779 | ||
| 050 |
_aFIC _bFIC |
||
| 100 | _aScott, Paul. | ||
| 245 | 4 |
_aThe jewel in the crown / _cPaul Scott. |
|
| 260 |
_aGreat Britain : _bGranada Pub., _c1966. |
||
| 300 |
_a479 pages : _c18 cm. |
||
| 650 | _aFiction. | ||
| 999 |
_c282395 _d282395 |
||